| 000 | 00665nam a2200217 i 4500 | ||
|---|---|---|---|
| 001 | 101646 | ||
| 003 | ES-MaACL | ||
| 005 | 20230906182941.0 | ||
| 007 | t| | ||
| 008 | 051021s1969 sp ||||1| spa d | ||
| 100 | 1 |
_aMeister, Albert. _979856 |
|
| 245 | 1 | 4 |
_aLos sistemas cooperativos: ¿democracia o tecnocracia? / _cAlbert Meister. |
| 250 | _a[1ª ed.]. | ||
| 260 |
_aBarcelona : _bNova Terra, _c1969. |
||
| 300 |
_a85 p. ; _c22 cm. |
||
| 490 | 1 |
_aColección "Trabajo y Sociedad" ; _v8 |
|
| 650 | 0 | 4 |
_aCooperativismo. _911357 |
| 830 | 0 |
_aColección "Trabajo y Sociedad" ; _v8 _9232496 |
|
| 852 |
_aES-MaACL _jC-38369 _bR.71775 |
||
| 999 |
_c101646 _d101646 |
||